000 00727nam a2200217 a 4500
001 000024350
005 20200930022932.0
008 110126s1969 sp r 001 0 spa d
040 _aDO-SdBNP
_bspa
_cBNPHU
082 _a868.5
_bL333e, 1969
100 1 _aLarra, Mariano José de,
_949939
245 1 0 _aEn este país y otros artículos /
_cMariano José de Larra ; edición y prólogo de Jorge Campos.
250 _a2a ed.
260 _aMadrid :
_bAlianza,
_c1969.
300 _a324, [4] p. ;
_c18 cm.
490 1 _aEl libro de bolsillo. Clásicos
_v63
650 4 _aLiteratura española
_y1500-1700
_947282
700 1 _aCampos, Jorge,
_eed.
_93499
830 0 _aEl libro de bolsillo.
_pClásicos,
_v63
_945775
049 _aBNGR
999 _c23843
_d23843